000 00245nam a2200097Ia 4500
001 1250542
005 20251031150858.0
008 251031s9999 xx 000 0 und d
245 0 _cCEM KINAY
_aB-1 AKILLI OL İNSAN OL
260 _bDESTEK YAYINLARI
999 _c1250542
_d1250542